000 00527nam a2200229Ia 4500
003 0100
008 130303s9999 xx 000 0 und d
020 _a0136641032
040 _cARRUPELIB
050 _aB52.7.M37 1989
100 _aMartinich, A.P
245 _aPhilosophical Writing
245 _ban Introduction
260 _aEnglewood Cliffs, New Jersey
260 _bPrentice-Hall, INC
260 _C1989
300 _a125p.
300 _b 24 cm.
650 _aPHILOSOPHY
650 _bEthics
942 0 0 _03
999 _c21355
_d21355